header

Paddle whispers (Record no. 134258)

MARC details
000 -LEADER
fixed length control field 01157nam a2200301Ia 4500
100 1# - MAIN ENTRY--AUTHOR NAME
Personal name Wood, Douglas,
245 10 - TITLE STATEMENT
Title Paddle whispers
260 ## - PUBLICATION, DISTRIBUTION, ETC. (IMPRINT)
Place of publication Duluth, MN :
Name of publisher Pfeifer-Hamilton,
Year of publication c1993.
300 ## - PHYSICAL DESCRIPTION
Number of Pages 176 p. :
Other physical details ill.
650 #0 - SUBJECT ADDED ENTRY--TOPICAL TERM
Topical Term Canoes and canoeing
Topical Term Lakes
856 40 - ELECTRONIC LOCATION AND ACCESS
Uniform Resource Identifier http://site.ebrary.com/lib/rucke/Doc?id=10159613

No items available.

© 2026 Rongo University
Contact us: librarian | system librarian | Rongo university